logo

Bir Sreshtho Munshi Abdur Rouf Library
Jhenaidah Cadet College

Building library collections / (Record no. 7971)

MARC details
000 -LEADER
fixed length control field 00745nam a2200265 a 4500
001 - CONTROL NUMBER
JCCL Control Number 7971
003 - CONTROL NUMBER IDENTIFIER
JCCL marc code BD-JhCC
005 - DATE AND TIME OF LATEST TRANSACTION
control field 20180217101904.0
008 - FIXED-LENGTH DATA ELEMENTS--GENERAL INFORMATION
fixed length control field 180217s1964 nyu b 000 0 eng d
035 ## - SYSTEM CONTROL NUMBER
system control number (BD-JhCC)7971
040 ## - CATALOGING SOURCE
Original cataloging agency BD-JhCC
Transcribing agency DLC
Modifying agency BD-JhCC
041 ## - LANGUAGE CODE
Language code of Book eng
050 #0 - LIBRARY OF CONGRESS CALL NUMBER
Classification number Z689
Item number .C29 1964
082 ## - DEWEY DECIMAL CLASSIFICATION NUMBER
Classification number 025.21
Author mark and Year CAR 1964
100 1# - MAIN ENTRY--PERSONAL NAME
Personal name Carter, Mary Duncan,
Dates associated with a name 1896-
245 10 - TITLE STATEMENT
Title Building library collections /
Statement of responsibility, etc by Mary Duncan Carter and Wallace John Bonk
250 ## - EDITION STATEMENT
Edition statement 2d ed
260 ## - PUBLICATION, DISTRIBUTION, ETC. (IMPRINT)
Place of publication, distribution, etc New York :
Name of publisher, distributor, etc Scarecrow Press,
Date of publication, distribution, etc 1964
300 ## - PHYSICAL DESCRIPTION
Pagination 259 p.
Dimensions 22 cm
504 ## - BIBLIOGRAPHY, ETC. NOTE
Bibliography, etc Includes bibliographies
650 #0 - SUBJECT ADDED ENTRY--TOPICAL TERM
Topical term or geographic name as entry element Collection development (Libraries)
700 1# - ADDED ENTRY--PERSONAL NAME
Personal name Bonk, Wallace John,
Dates associated with a name 1923-
942 ## - ADDED ENTRY ELEMENTS (KOHA)
Source of classification or shelving scheme Dewey Decimal Classification
Koha item type Books
Holdings
Source of classification or shelving scheme Damaged status Not for loan Home library Current library Shelving location Date of accession Total Checkouts Full call number Barcode Date last seen Copy number Koha item type
Dewey Decimal Classification     JCC Rouf Library JCC Rouf Library General Stacks 02/17/2018   025.21 CAR 1964 10341 02/17/2018 C-1 Books

JCC Library | Contacts | JCC Home

Last Update on 23 September 2017
Copyright @ 2017-2020 JCC Rouf Library
Rouf Library, Jhenidah Cadet College (JCC), Bangladesh